Statistics for Axis-Occupied Countries of WWII

Click here to take the quiz!

General Stats

  • This quiz has been taken 93,660 times
    (54,232 since last reset)
  • The average score is 50 of 69

Answer Stats

%Country% Correct
86France
97%
100Italy
95%
< 1United Kingdom
(Channel Islands)
94%
100Poland
93%
100Austria
92%
30China
92%
10Russia
92%
100Germany
91%
100Japan
90%
100Belgium
90%
100Norway
89%
100Greece
89%
100Netherlands
89%
100Finland
87%
2Denmark
87%
100Hungary
86%
100Slovakia
85%
100Romania
84%
40Egypt
84%
100Czech Republic
84%
100Latvia
84%
100Estonia
83%
100Serbia
83%
100Lithuania
83%
100Bulgaria
82%
100Ukraine
82%
100Croatia
82%
100Slovenia
81%
100Luxembourg
80%
100Albania
80%
< 1United States
(Aleutian Islands / Guam)
78%
100Vietnam
78%
95Indonesia
78%
100Belarus
78%
100Bosnia and
Herzegovina
77%
< 1India (Andaman &
Nicobar Islands)
77%
100South Korea
74%
100Libya
73%
< 1Australia
(Christmas Island)
73%
100Thailand
73%
100North Korea
73%
100North Macedonia
72%
?Laos
72%
100Montenegro
72%
100Philippines
70%
100Cambodia
70%
100Kosovo
69%
100Malaysia
67%
100Myanmar
65%
100Tunisia
64%
100Moldova
64%
100Singapore
62%
100Ethiopia
60%
100Taiwan
59%
100Monaco
57%
90Papua New Guinea
52%
< 5Sudan
49%
100Somalia
47%
100Eritrea
47%
100Brunei
46%
100Iraq
44%
100Marshall Islands
43%
?Solomon Islands
43%
100East Timor
43%
100Fed. States of
Micronesia
43%
100Palau
41%
?Kiribati
39%
100Nauru
39%
< 5Kenya
31%

Score Distribution

Percentile by Number Answered

Percent of People with Each Score

Your Score History

You have not taken this quiz since the last reset